[Event "Quimper op 5th"]
[Site "Quimper"]
[Date "2014.10.31"]
[Round "7"]
[White "Le Bihan, Baptiste"]
[Black "Le Tellec, Brice"]
[Result "1-0"]
[WhiteElo "1598"]
[BlackElo "1564"]
[PlyCount "99"]
[EventDate "2014.10.31"]
[EventType "swiss"]
[EventRounds "7"]
[EventCountry "FRA"]
[SourceTitle "EXT 2016"]
[Source "ChessBase"]
[SourceDate "2015.10.08"]
[SourceVersion "1"]
[SourceVersionDate "2015.10.08"]
[SourceQuality "1"]

1. e4 c6 2. d4 d5 3. Nc3 dxe4 4. Nxe4 Bf5 5. Ng3 Bg6 6. Nf3 e6 7. Bc4 Nf6 8. Bg5 Nbd7 9. 0-0 Bd6 10. Re1 0-0 11. c3 Qb6 12. Qb3 Rfe8 13. Nh4 Qxb3 14. axb3 e5 15. Nxg6 hxg6 16. Bxf6 gxf6 17. Ne4 Be7 18. Red1 Rad8 19. b4 b6 20. d5 cxd5 21. Bxd5 f5 22. Ng3 Nf6 23. Bc6 Rxd1+ 24. Rxd1 Rd8 25. Ra1 Rc8 26. Rxa7 Rxc6 27. Rxe7 Rd6 28. f3 Rd2 29. Rxe5 Rxb2 30. Ne2 Ne4 31. fxe4 Rxe2 32. Kf1 Rxe4 33. Rxe4 fxe4 34. c4 Kf8 35. Kf2 Ke7 36. Ke3 f5 37. g4 Ke6 38. Kd4 g5 39. gxf5+ Kxf5 40. c5 bxc5+ 41. bxc5 e3 42. Kxe3 Ke5 43. Kf3 Kd5 44. Kg4 Kxc5 45. Kxg5 Kd6 46. Kf6 Kd7 47. Kg7 Ke6 48. h4 Kf5 49. h5 Kg5 50. h6 1-0

[Event "Fouesnant op 15th"]
[Site "Fouesnant"]
[Date "2009.10.31"]
[Round "9"]
[White "Le Tellec, Brice"]
[Black "Roussel, Samuel"]
[Result "1-0"]
[WhiteElo "1580"]
[BlackElo "1230"]
[PlyCount "41"]
[EventDate "2009.10.26"]
[EventType "swiss"]
[EventRounds "9"]
[EventCountry "FRA"]
[SourceTitle "EXT 2010"]
[Source "ChessBase"]
[SourceDate "2010.11.25"]
[SourceVersion "1"]
[SourceVersionDate "2010.11.25"]
[SourceQuality "1"]

1. d4 d5 2. Nf3 Nc6 3. e3 a6 4. c4 e6 5. Nc3 Bb4 6. a3 Bxc3+ 7. bxc3 Nf6 8. cxd5 exd5 9. Bd3 0-0 10. 0-0 Bg4 11. h3 Bh5 12. Qb3 Bxf3 13. gxf3 Rb8 14. c4 dxc4 15. Qxc4 b5 16. Qxc6 Rb6 17. Qc5 Qd5 18. e4 Qh5 19. Qxc7 Rbb8 20. Qg3 Qh6 21. Bxh6 1-0

[Event "Fouesnant op 15th"]
[Site "Fouesnant"]
[Date "2009.10.29"]
[Round "7"]
[White "Le Tellec, Brice"]
[Black "Le Garrec, Maxime"]
[Result "1-0"]
[WhiteElo "1580"]
[BlackElo "1687"]
[PlyCount "59"]
[EventDate "2009.10.26"]
[EventType "swiss"]
[EventRounds "9"]
[EventCountry "FRA"]
[SourceTitle "EXT 2010"]
[Source "ChessBase"]
[SourceDate "2010.11.25"]
[SourceVersion "1"]
[SourceVersionDate "2010.11.25"]
[SourceQuality "1"]

1. d4 b5 2. e4 Bb7 3. Bd3 e6 4. Be3 Nf6 5. Nd2 a6 6. Ngf3 d5 7. e5 Ne4 8. 0-0 Nd7 9. c3 Be7 10. Nb3 c5 11. dxc5 Ndxc5 12. Nxc5 Nxc5 13. Nd4 Qc7 14. Bf4 Rd8 15. Bc2 Nd7 16. Qg4 g6 17. Rfe1 Rc8 18. h4 Bc5 19. Rac1 Qb6 20. h5 Bxd4 21. cxd4 Nf8 22. Bh6 Rc4 23. Be3 Nd7 24. Qh4 Qa5 25. hxg6 Nxe5 26. g7 Nf3+ 27. gxf3 Rg8 28. Qxh7 Rxg7+ 29. Qxg7 Rxc2 30. Qg8+ 1-0